Yendaro mahaanubhaavulu : (Record no. 42206)

MARC details
000 -LEADER
fixed length control field 00722nam a22001937a 4500
005 - DATE AND TIME OF LATEST TRANSACTION
control field 20100816153525.0
010 ## - LCCN (DPL NO)
LC control number ENG-100675
020 ## - INTERNATIONAL STANDARD BOOK NUMBER
Terms of availability 800.00
035 ## - SYSTEM CONTROL NUMBER
System control number EN-84208
037 ## - SOURCE OF ACQUISITION
Source of stock number/acquisition DBAD/PUB
082 ## - DEWEY DECIMAL CLASSIFICATION NUMBER
Classification number 230.35
245 ## - TITLE STATEMENT
Title Yendaro mahaanubhaavulu :
Remainder of title of some Telugu brahmins /
Statement of responsibility, etc complied by Madiraju Subba Rao
260 ## - PUBLICATION, DISTRIBUTION, ETC. (IMPRINT)
Place of publication, distribution, etc Secunderabad
Name of publisher, distributor, etc Niyogi Bandhu Seva Samithi
Date of publication, distribution, etc 2009
270 ## - ADDRESS
Address 6-1-292, Padmaraongar
City Secunderabad
300 ## - PHYSICAL DESCRIPTION
Extent various paging.
Dimensions 22cm (Hb)
Accompanying material b&w photos
700 ## - ADDED ENTRY--PERSONAL NAME
Personal name Rao, Madiraju Subba
9 (RLIN) 924
942 ## - ADDED ENTRY ELEMENTS (KOHA)
Source of classification or shelving scheme Dewey Decimal Classification
Item type English Books
Classification part 230.35
Call number suffix YEN
Holdings
Withdrawn status Lost status Not for loan Collection code Home library Current library Date acquired Source of acquisition Cost, normal purchase price Full call number Barcode Copy number Cost, replacement price Koha item type
    Not For Loan Non-fiction D.B.Act.Division D.B.Act.Division 16/08/2010 DBAD/PUB 800.00 230.35 YEN EN-84208 1 800.00 English Books

© Delhi Public Library
Hit Counter
free hit counter